Southville International School and Colleges
Your cart is empty.
  • Cart
  • Lists
    Public lists Eva Luna New books Lux_list list_1
    Your lists Log in to create your own lists
  • Log in to your account
  • Your cookies
  • Search history
Southville International School and Colleges
  • Advanced search
  • Recent comments
  • Most popular
  • Libraries

Log in to your account

Log in with GOOGLE


If you do not have an external account, but do have a local account, you can still log in:

  1. Home
  2. MARC view: The golden compass /
Normal view MARC view ISBD view

The golden compass / (Record no. 115466)

[ view plain ]
MARC details
000 -LEADER
fixed length control field 01404cam a2200361 a 4500
001 - CONTROL NUMBER
control field 14166961
003 - CONTROL NUMBER IDENTIFIER
control field OSt
005 - DATE AND TIME OF LATEST TRANSACTION
control field 20140424075635.0
008 - FIXED-LENGTH DATA ELEMENTS--GENERAL INFORMATION
fixed length control field 051110s2006 nyua j 000 1 eng
010 ## - LIBRARY OF CONGRESS CONTROL NUMBER
LC control number 2005032556
020 ## - INTERNATIONAL STANDARD BOOK NUMBER
International Standard Book Number 0440418321
040 ## - CATALOGING SOURCE
Original cataloging agency DLC
Transcribing agency DLC
Modifying agency DLC
042 ## - AUTHENTICATION CODE
Authentication code lcac
050 00 - LIBRARY OF CONGRESS CALL NUMBER
Classification number PZ 7
Item number .P968Go 2001
100 1# - MAIN ENTRY--PERSONAL NAME
Personal name Pullman, Philip,
Dates associated with a name 1946-
9 (RLIN) 19309
240 10 - UNIFORM TITLE
Uniform title <a href="Northern lights">Northern lights</a>
245 14 - TITLE STATEMENT
Title The golden compass /
Statement of responsibility, etc by Philip Pullman ; [appendix illustrations by Ian Beck].
260 ## - PUBLICATION, DISTRIBUTION, ETC. (IMPRINT)
Place of publication, distribution, etc New York :
Name of publisher, distributor, etc Alfred A. Knopf,
Date of publication, distribution, etc 2001.
300 ## - PHYSICAL DESCRIPTION
Extent 351p. :
Other physical details ill. ;
Dimensions 24 cm.
490 1# - SERIES STATEMENT
Series statement His dark materials ;
Volume number/sequential designation bk. 1
650 #1 - SUBJECT ADDED ENTRY--TOPICAL TERM
Topical term or geographic name as entry element Missing person
General subdivision experiments
Geographic subdivision fiction
9 (RLIN) 19310
650 #1 - SUBJECT ADDED ENTRY--TOPICAL TERM
Topical term or geographic name as entry element Kidnappingarctic regions
General subdivision fiction
9 (RLIN) 19311
650 #1 - SUBJECT ADDED ENTRY--TOPICAL TERM
Topical term or geographic name as entry element 4. fantasy
9 (RLIN) 19312
700 1# - ADDED ENTRY--PERSONAL NAME
Personal name Beck, Ian,
Relator term ill.
9 (RLIN) 19313
800 1# - SERIES ADDED ENTRY--PERSONAL NAME
Personal name Pullman, Philip,
Dates associated with a name 1946-
Title of a work His dark materials ;
Volume/sequential designation bk. 1.
9 (RLIN) 19314
856 42 - ELECTRONIC LOCATION AND ACCESS
Materials specified Contributor biographical information
Uniform Resource Identifier <a href="http://www.loc.gov/catdir/enhancements/fy0630/2005032556-b.html">http://www.loc.gov/catdir/enhancements/fy0630/2005032556-b.html</a>
856 42 - ELECTRONIC LOCATION AND ACCESS
Materials specified Publisher description
Uniform Resource Identifier <a href="http://www.loc.gov/catdir/enhancements/fy0630/2005032556-d.html">http://www.loc.gov/catdir/enhancements/fy0630/2005032556-d.html</a>
856 41 - ELECTRONIC LOCATION AND ACCESS
Materials specified Sample text
Uniform Resource Identifier <a href="http://www.loc.gov/catdir/enhancements/fy0668/2005032556-s.html">http://www.loc.gov/catdir/enhancements/fy0668/2005032556-s.html</a>
906 ## - LOCAL DATA ELEMENT F, LDF (RLIN)
a 7
b cbc
c orignew
d 1
e ecip
f 20
g y-gencatlg
942 ## - ADDED ENTRY ELEMENTS (KOHA)
Source of classification or shelving scheme Library of Congress Classification
Koha item type Books
Holdings
Withdrawn status Lost status Source of classification or shelving scheme Damaged status Home library Current library Shelving location Date acquired Sub Shelving location Total Checkouts Full call number Barcode Date last seen Date checked out Copy number Price effective from Koha item type
    Library of Congress Classification   Luxembourg Library Luxembourg Library Kids Fiction Section 04/24/2014   2 PZ 7 .P968Go 2001 12979 02/03/2015 01/27/2015 1 04/24/2014 Books

The golden compass /

APA

Pullman P., Beck I., . (2001). The golden compass. New York: Alfred A. Knopf.

Chicago

Pullman Philip, Beck Ian, . 2001. The golden compass. New York: Alfred A. Knopf.

Harvard

Pullman P., Beck I., . (2001). The golden compass. New York: Alfred A. Knopf.

MLA

Pullman Philip, Beck Ian, . The golden compass. New York: Alfred A. Knopf. 2001.

  • Place hold
  • Print
  • Cite
  • Add to your cart (remove)
  • Save record
    BIBTEX Dublin Core MARCXML MARC (non-Unicode/MARC-8) MARC (Unicode/UTF-8) MARC (Unicode/UTF-8, Standard) MODS (XML) RIS
  • More searches
    Search for this title in:
    Other Libraries (WorldCat) Other Databases (Google Scholar) Online Stores (Bookfinder.com) Open Library (openlibrary.org)

Exporting to Dublin Core...

SOUTHVILLE LIBRARY

Southville International School and Colleges Library

1281 Tropical Ave. Cor. Luxembourg St., BF Homes International, Las Pinas City

Tel. No. 8256374 / 252358 Loc. 117/146

Powered by Koha